000 00890cam a2200253 a 4500
001 3262724
003 GBCCL
005 20241126110429.0
008 830126s1981 ctufa b 001 0 eng
010 _a 81081096
020 _a0879832606 (pbk.) :
_c$9.95
040 _aDLC
_cDLC
_dDLC
050 0 0 _aBT1101
_b.S67 1981
082 0 0 _a239
_219
_bSMI
100 1 _aSmith, Wilbur M.
_q(Wilbur Moorehead),
_d1894-1976.
_95069
245 1 0 _aTherefore, stand /
_cWilbur M. Smith ; introduction by Harold J. Ockenga ; illustrations by Ron McCarty.
260 _aNew Canaan, Conn. :
_bKeats Pub.,
_cc1981.
300 _axxxii, 614 p., [1] leaf of plates :
_bill. ;
_c21 cm.
440 2 _aA Shepherd illustrated classic
_95070
504 _aIncludes bibliographical references and indexes.
650 0 _aApologetics.
_985
906 _a7
_bcbc
_corignew
_d3
_eopcn
_f19
_gy-gencatlg
942 _2ddc
_cBK
_02
999 _c2446
_d2446